000 00410nam a2200157 i 4500
001 bg
100 1 _aGINGUAY, Michel
245 0 _aDictionnaire d'informatique. Francais-Anglais /
_cMichel Ginguay.
260 _aParis :
_bMasson et Cie,
_c1972.
300 _as. 150, nlb. 2.
040 _cBPK
041 _apol
080 _a002:681.3(03)=40=20
942 _cKS
008 s pl f |000 0 pol
999 _c27243
_d27243